Français célèbres °2 - Statistiques

Statistiques générales
  • Ce quiz a été pris 297 fois
    279 depuis la dernière actualisation
  • Le résultat moyen est 8 sur 15
Statistiques - réponses
Hint Célèbres % Correct
Héroïne qui a été brûlée au bûcher par les Anglais Jeanne d'Arc
100%
Chanteur de "Je ne regrette rien" Edith Piaf
82%
Auteur de "Le Comte de Monte-Cristo" et "Les Trois Mousquetaires" Alexandre Dumas
74%
Peintre célèbre pour peindre des nénuphars et donner le nom au mouvement artistique impressionniste Claude Monet
74%
Leader politique et militaire qui a conquis la plus grande partie de l'Europe Napoleon Bonaparte
74%
Actrice du monde célèbre de "Le Fabuleux Destin d'Amélie Poulain" Audrey Tautou
68%
Dramaturge et maître de comédie avec un seul nom Moliere
65%
Mathématicien et philosophe : "Cogito ergo sum" ou "Je pense, donc je suis" René Descartes
64%
Auteur de "Le Deuxiéme Sexe", elle est un célèbre philosophe existentialiste, activiste, féministe, écrivain. ... Simone de Beauvoir
60%
Producteur de musique et DJ qui a travaillé avec Rihanna, Nicky Minaj, Justin Bieber. .. David Guetta
58%
Auteur de "Le Temps retrouvé" Marcel Proust
39%
Peintre et illustrateur célèbre pour peindre la vie dans les maisons closes et "le Moulin Rouge " Henri de Toulouse-Lautrec
37%
Directeur de "Le Fabuleux Destin d'Amélie Poulain " Jean-Pierre Jeunet
22%
"L'Pere de l'Art Moderne", inspiration pour Matisse et Picasso et peintre "Les Joueurs de cartes" , la 2éme peinture le plus chére de tous les temps ($266 million) Paul Cézanne
16%
Lutteur WWF extrêmement populaire Andre the Giant
9%
Aucun quiz correspondant
Distribution des résultats
% des personnes avec chaque résultat
Percentile par nombre de réponses
Votre historique - résultats
Vous n’avez pas pris ce quiz depuis la dernière actualisation